Penulisan berkesan : kaedah penulisan yang baik dan penulisan laporan

Bibliographic Details
Main Author: Mansor Ahmad Saman
Format: Book
Published: Kuala Lumpur : Institut terjemahan & buku Malaysia berhad , 2016
Subjects:

MARC

LEADER 00000cam a2200000 7i4500
001 0000073715
005 20170607.0
008 170607
020 |a 9789674602406 
090 0 0 |a 808.02   |b MAN 
100 0 |a Mansor Ahmad Saman 
245 0 0 |a Penulisan berkesan :   |b kaedah penulisan yang baik dan penulisan laporan   |c Mansor Ahmad Saman 
260 |a Kuala Lumpur :   |b Institut terjemahan & buku Malaysia berhad ,   |c 2016 
300 |a 100 p. ;   |c 23.8 cm. 
541 0 0 |c Purchased on 2016 
650 0 |a Authorship 
650 0 |a creative writing 
999 |a 0001460594   |b Book   |c Adult Collection   |e Cawangan Taman Sri Lambak 
999 |a 0001460595   |b Book   |c Adult Collection   |e Cawangan Bandar Tenggara 
999 |a 0001460596   |b Book   |c Adult Collection   |e Cawangan Bukit Gambir 
999 |a 0001460597   |b Book   |c Adult Collection   |e Cawangan Kota Tinggi 
999 |a 0001460598   |b Book   |c Adult Collection   |e Cawangan Sri Merlong 
999 |a 0001460599   |b Book   |c Adult Collection   |e Cawangan Muar 
999 |a 0001460600   |b Book   |c Adult Collection   |e Cawangan Batu Pahat 
999 |a 0001460601   |b Book   |c Adult Collection   |e Cawangan Bandar Penawar 
999 |a 0001460602   |b Book   |c Adult Collection   |e Cawangan Segamat 
999 |a 0001460603   |b Book   |c Adult Collection   |e Cawangan Mersing 
999 |a 0001460604   |b Book   |c Adult Collection   |e Cawangan Mersing 
999 |a 0001460605   |b Book   |c Adult Collection   |e Cawangan Pontian 
999 |a 0001460606   |b Book   |c Adult Collection   |e Cawangan Pontian 
999 |a 0001460607   |b Book   |c Adult Collection   |e Cawangan Tangkak 
999 |a 0001460608   |b Book   |c Adult Collection   |e Cawangan Tmn. Ungku Tun Aminah 
999 |a 0001460609   |b Book   |c Adult Collection   |e Cawangan Tangkak 
999 |a 0001460610   |b Book   |c Adult Collection   |e Cawangan Tmn. Ungku Tun Aminah 
999 |a 0001460753   |b Book   |c Children Collection   |e Perbadanan Perpustakaan Awam Johor 
999 |a 0001460754   |b Book   |c Children Collection   |e Perbadanan Perpustakaan Awam Johor 
999 |a 0001460755   |b Book   |c Children Collection   |e Cawangan AEON Kulaijaya 
999 |a 0001460756   |b Book   |c Children Collection   |e Cawangan Urban Transformation Centre